[Event "Cap d'Agde op"]
[Site "Cap d'Agde"]
[Date "2006.10.27"]
[Round "1"]
[White "Mula, Daniel"]
[Black "Comes, Didier"]
[Result "1-0"]
[WhiteElo "1800"]
[BlackElo "2086"]
[PlyCount "113"]
[EventDate "2006.10.26"]
[EventType "swiss"]
[EventRounds "9"]
[EventCountry "FRA"]
[SourceTitle "EXT 2007"]
[Source "ChessBase"]
[SourceDate "2006.11.23"]
[SourceVersion "1"]
[SourceVersionDate "2006.11.23"]
[SourceQuality "1"]

1. d4 d5 2. Bg5 g6 3. Nf3 Bg7 4. c3 Nf6 5. Nbd2 0-0 6. b4 a5 7. a3 a4 8. e3 c6 9. c4 Bg4 10. Be2 Nbd7 11. 0-0 Ne4 12. Nxe4 dxe4 13. Nd2 Bxe2 14. Qxe2 f5 15. f3 exf3 16. Nxf3 Qe8 17. Rad1 h6 18. Bh4 g5 19. Bg3 Nf6 20. Be5 Ne4 21. Bxg7 Kxg7 22. d5 cxd5 23. cxd5 Rf6 24. Qb2 Rd8 25. Nd4 Kg6 26. Ne6 Rc8 27. Rc1 Rxc1 28. Qxc1 Qd7 29. Rd1 Kf7 30. Qc2 Nd6 31. Nc5 Qb5 32. e4 fxe4 33. Nxe4 Nxe4 34. Qxe4 Qb6+ 35. Kh1 Qf2 36. h3 Qf5 37. Qc4 Ke8 38. b5 Rd6 39. Qxa4 Rxd5 40. Rc1 Qd7 41. Qa8+ Kf7 42. Rf1+ Rf5 43. Rxf5+ Qxf5 44. Qxb7 Qf1+ 45. Kh2 Qf4+ 46. g3 Qd2+ 47. Qg2 Qa5 48. Qb2 Qb6 49. a4 Ke8 50. Kg2 Kd7 51. Kf3 Qb7+ 52. Ke3 Kc8 53. Qh8+ Kc7 54. Qxh6 Qa7+ 55. b6+ Qxb6+ 56. Qxb6+ Kxb6 57. h4 1-0